Secular Ideology (Record no. 18128)
[ view plain ]
| 000 -LEADER | |
|---|---|
| fixed length control field | 00666nam a2200241 a 4500 |
| 020 ## - INTERNATIONAL STANDARD BOOK NUMBER | |
| ISBN | 8172142 |
| 082 00 - DEWEY DECIMAL CLASSIFICATION NUMBER | |
| Classification number | 211.6 |
| Author Cutter | GRE |
| 100 ## - MAIN ENTRY--AUTHOR NAME | |
| Author name | Gregorios, Paulos Mar |
| 245 ## - TITLE STATEMENT | |
| Title | Secular Ideology |
| Sub title | an Impotent Remedy for India`s Communal Problem. |
| 260 ## - PUBLICATION, DISTRIBUTION, ETC. (IMPRINT) | |
| Place of publication | Delhi |
| Name of publisher | ISPCK |
| Year of publication | 1998 |
| 300 ## - PHYSICAL DESCRIPTION | |
| Number of Pages | 98p |
| 500 ## - GENERAL NOTE | |
| General note | includes index and biblioraphy |
| 505 2# - FORMATTED CONTENTS NOTE | |
| Formatted contents note | Teaching and Tites of Islam According to the Text. |
| 650 ## - SUBJECT ADDED ENTRY--TOPICAL TERM | |
| Topical Term | Secularism |
| 942 ## - ADDED ENTRY ELEMENTS (KOHA) | |
| Koha item type | Books |
| 700 1# - | |
| -- | Gregorios, Paulos Mar |
| Collection code | Home library | Current library | Date acquired | Cost, normal purchase price | Full call number | Accession Number | Koha item type |
|---|---|---|---|---|---|---|---|
| Henry Martyn Institute Library | Henry Martyn Institute Library | 08/25/2011 | 65.00 | 211.6 GRE | 11000843 | Books |
